000 00319nam a22001337a 4500
008 170424b xxu||||| |||| 00| 0 eng d
020 _a9780716723998
041 _aeng
080 _22ND
_a546
100 _a12
101 _aSHM
245 _aGUIDE TO SOLUTIONS FOR INORGANIC CHEMISTRY
_cSTRAUSS, S.H
942 _2udc
_cBK
999 _c11713
_d11713